Statistics for Kid Cudi Discography

Click here to take the quiz!

General Stats

  • This quiz has been taken 319 times
    (97 since last reset)
  • The average score is 9 of 13

Answer Stats

YearNameType% Correct
2009Man on the Moon: The End of DayAlbum
99%
2010Man on the Moon II: The Legend of Mr. RagerAlbum
91%
2020Man on the Moon III: The ChosenAlbum
90%
2018Kids See GhostsCollaborative Album
86%
2008A Kid Named CudiMixtape
83%
2013IndicudAlbum
75%
2022EntergalacticAlbum
70%
2015Speedin' Bullet 2 HeavenAlbum
70%
2016Passion, Pain & Demon Slayin'Album
64%
2014Satellite Flight: The Journey to Mother MoonAlbum
54%
2012WZRDCollaborative Album
52%
2022The Boy Who Flew to the Moon, Vol. 1Compilation
48%
2021Prime Day Show x Kid CudiEP
7%

Score Distribution

Percentile by Number Answered

Percent of People with Each Score

Your Score History

You have not taken this quiz since the last reset